| 000 | 00576nam a2200181 4500 | ||
|---|---|---|---|
| 001 | 131182 | ||
| 003 | ES-MaACL | ||
| 005 | 20230906193930.0 | ||
| 007 | t| | ||
| 008 | 070214s1982 sp r ||||1| spa d | ||
| 100 | 1 |
_aRobin, Michel. _997873 |
|
| 245 | 1 | 0 |
_aInterconexión de microprocesadores / _cMichel Robin, Thiery Maurin ; [traducido por Manuel P. Chirinos]. |
| 260 |
_aMadrid : _bParaninfo, _c1982. |
||
| 300 |
_a192 p. : _bil. ; _c22 cm. |
||
| 700 | 1 |
_aPƩrez Chirinos y Palud, M. _990730 |
|
| 700 | 1 |
_aMaurin, Thiery. _979264 |
|
| 852 |
_aES-MaACL _jL-3668 _bR.104510 |
||
| 999 |
_c131182 _d131182 |
||